=LDR 00000nam 2200000 4500 =001 INLIS000000000026200 =005 20201102020432 =035 ##$$a 0010-061300000026200 =008 201102################g##########0#ind## =041 ##$$a ind =082 ##$$a 307 =090 ##$$a 307, HOF p =100 1#$$a Hofsteede, W. M. F =245 1#$$a Pembangunan masyarakat : $b Kumpulan karangan /$c Dr. W. M. F. Hofsteede, ofm =260 ##$$a Yogyakarta :$b Gajah Mada University Press,$c 1991 =300 ##$$a viii, 160 hlm. : $b ilus ; $c 21 x 14,5 cm. =650 #4$$a Pembangunan Masyarakat =850 ##$$a NBPNMAT =020 ##$$a 979-420-196-0 =084 ##$$a 307 HOF p =250 ##$$a cet. 1 =990 ##$$a 47157/Pro.92 =990 ##$$a DW99006712 =990 ##$$a 47.156/pro-92 =990 ##$$a 54.194/pro-93 =990 ##$$a 54.194/pro-93 =990 ##$$a 47157/Pro.92 =990 ##$$a DW99006712 =990 ##$$a 47.156/pro-92 =990 ##$$a 05240524 =990 ##$$a DW99006710 =990 ##$$a 47157/Pro.92 =990 ##$$a DW99006712 =990 ##$$a 47.156/pro-92 =990 ##$$a 54.194/pro-93 =990 ##$$a 47.156/pro-92 =990 ##$$a 47157/Pro.92 =990 ##$$a DW99006712 =990 ##$$a 54.194/pro-93 =990 ##$$a DW99006710 =990 ##$$a DW99006712 =990 ##$$a 47157/Pro.92 =990 ##$$a 47.156/pro-92 =990 ##$$a 54.194/pro-93 =990 ##$$a DW99006710 =990 ##$$a DW99006710 =990 ##$$a 47157/Pro.92 =990 ##$$a DW99006712 =990 ##$$a 47.156/pro-92 =990 ##$$a 54.194/pro-93 =990 ##$$a 54.194/pro-93 =990 ##$$a 47157/Pro.92 =990 ##$$a DW99006712 =990 ##$$a 47.156/pro-92 =990 ##$$a DW99006710 =990 ##$$a 47157/Pro.92 =990 ##$$a DW99006712 =990 ##$$a 47.156/pro-92 =990 ##$$a 54.194/pro-93 =990 ##$$a DW99006710